| 000 | 00474cam a22001934a 4500 | ||
|---|---|---|---|
| 005 | 20250605164319.0 | ||
| 008 | 250528s ||||||||||||||||||||||||d | ||
| 035 | _a22829 | ||
| 020 | _a9780201354119 | ||
| 040 |
_aGR-AtMCL _bgre _dGR-AtMCL _eAACR2 |
||
| 245 | 1 | _aMACROMEDIA AUTHORWARE 5 ATTAIN AUTHORIZED | |
| 250 | _a1 | ||
| 260 |
_bMacromedia Press, _c1999 |
||
| 300 | _a437 | ||
| 700 | 1 |
_aKellogg Orson _98499 |
|
| 942 | _cBK | ||
| 999 |
_c7874 _d7874 |
||